<?xml version="1.0" encoding="UTF-8"?>
<collection xmlns="http://www.loc.gov/MARC21/slim">
    <record>
        <controlfield tag="001">4163</controlfield>
        <controlfield tag="005">20200326131132.0</controlfield>
        <datafield tag="017" ind1=" " ind2=" ">
            <subfield code="a">Z-1858-2008</subfield>
        </datafield>
        <datafield tag="020" ind1=" " ind2=" ">
            <subfield code="a">978-84-7733-999-1</subfield>
        </datafield>
        <datafield tag="037" ind1=" " ind2=" ">
            <subfield code="a">BOOK--2009-007</subfield>
        </datafield>
        <datafield tag="041" ind1=" " ind2=" ">
            <subfield code="a">spa</subfield>
        </datafield>
        <datafield tag="100" ind1=" " ind2=" ">
            <subfield code="a">Rover, Aires José</subfield>
            <subfield code="b">-</subfield>
        </datafield>
        <datafield tag="245" ind1=" " ind2=" ">
            <subfield code="a">INCLUSÃO DIGITAL E GOVERNO ELETRÔNICO</subfield>
        </datafield>
        <datafield tag="250" ind1=" " ind2=" ">
            <subfield code="a">1ªed.</subfield>
        </datafield>
        <datafield tag="260" ind1=" " ind2=" ">
            <subfield code="a">Zaragoza</subfield>
            <subfield code="b">Prensas Universitarias</subfield>
            <subfield code="c">2008</subfield>
        </datafield>
        <datafield tag="300" ind1=" " ind2=" ">
            <subfield code="a">322 pág.</subfield>
        </datafield>
        <datafield tag="490" ind1=" " ind2=" ">
            <subfield code="a">LEFIS</subfield>
        </datafield>
        <datafield tag="540" ind1=" " ind2=" ">
            <subfield code="9">info:eu-repo/semantics/openAccess $a Esta obra está sujeta a una licencia de uso Creative Commons. Se permite la reproducción total o parcial, la distribución, la comunicación pública de la obra y la creación de obras derivadas, siempre que no sea con finalidades comerciales, y sempre que se reconzca la autoria de la obra original. $u https://creativecommons.org/licenses/by-nc/4.0/</subfield>
        </datafield>
        <datafield tag="653" ind1="1" ind2=" ">
            <subfield code="a">electronic government</subfield>
        </datafield>
        <datafield tag="653" ind1="1" ind2=" ">
            <subfield code="a">Digital inclusion</subfield>
        </datafield>
        <datafield tag="655" ind1=" " ind2="4">
            <subfield code="a">info:eu-repo/semantics/publishedVersion</subfield>
        </datafield>
        <datafield tag="655" ind1=" " ind2="4">
            <subfield code="a">info:eu-repo/semantics/book</subfield>
        </datafield>
        <datafield tag="856" ind1="0" ind2=" ">
            <subfield code="f">teresa@unizar.es</subfield>
        </datafield>
        <datafield tag="856" ind1="4" ind2=" ">
            <subfield code="s">2099051</subfield>
            <subfield code="u">http://zaguan.unizar.es/record/4163/files/BOOK--2009-007.pdf</subfield>
            <subfield code="z">Texto completo</subfield>
        </datafield>
        <datafield tag="856" ind1="4" ind2="2">
            <subfield code="3">Cubierta</subfield>
            <subfield code="q">http://zaguan.unizar.es/record/4163/files/</subfield>
        </datafield>
        <datafield tag="909" ind1="C" ind2="O">
            <subfield code="o">oai:zaguan.unizar.es:4163</subfield>
            <subfield code="p">books</subfield>
        </datafield>
        <datafield tag="910" ind1="2" ind2=" ">
            <subfield code="a">Filosofía del derecho</subfield>
            <subfield code="b">Derecho Penal, Filosofía del Derecho e Historia del Derecho</subfield>
        </datafield>
        <datafield tag="980" ind1=" " ind2=" ">
            <subfield code="a">BOOK</subfield>
            <subfield code="b">PRENSASUZ</subfield>
        </datafield>
    </record>

    
</collection>